| 000 | 00403nam a22001577a 4500 | ||
|---|---|---|---|
| 003 | OSt | ||
| 005 | 20211002141825.0 | ||
| 008 | 211002b |||||||| |||| 00| 0 eng d | ||
| 040 | _cHU | ||
| 082 | _a519.5 | ||
| 100 |
_aDAMARAJU RAGHAVARAO _99393 |
||
| 245 | _aStatistical Techniques in Agricultural and Biological Reserch | ||
| 260 |
_aNEW DELHI _bJANPATH _c1983 |
||
| 300 | _a367 | ||
| 942 |
_2ddc _cBOOKS _n0 |
||
| 999 |
_c8754 _d8754 |
||